| 000 | 00696nam a22002057a 4500 | ||
|---|---|---|---|
| 005 | 20180517113724.0 | ||
| 010 | _aENG-123042 | ||
| 020 |
_a9788175418714 _c650.00 |
||
| 035 | _aEN-106574 | ||
| 037 | _bDBAD/PUB | ||
| 082 | _a346.540438 | ||
| 245 |
_aJourney towards land titling in india / _ced. by Varsha Ganguly [and] Snehasis Mishra |
||
| 260 |
_aDelhi _bShipra Publications _c2017 |
||
| 270 |
_aH.O. LG 18-19, Pankaj Central Market, Patparganj, I.P. Extn. _bDelhi _e110092 |
||
| 300 |
_axiii, 208p _c21cm(Hb) |
||
| 500 | _aIt include Glossary, Contributor and Index | ||
| 700 | _a Ganguly, Varsha | ||
| 700 | _a Mishra, Snehasis | ||
| 942 |
_2ddc _cEN _h346.540438 _mJOU |
||
| 999 |
_c152110 _d152110 |
||